LEADER 00743nam0-22002771i-450- 001 990003839470403321 005 20050322093807.0 010 $a1-85898-855-1 035 $a000383947 035 $aFED01000383947 035 $a(Aleph)000383947FED01 035 $a000383947 100 $a20030910d1999----km-y0itay50------ba 101 0 $aeng 102 $aGB 200 1 $a<>transfer of economic knowledge$fErnst Mohr$gErnst 210 $aCheltenham$cEdward Elgar$d1999 215 $a214p$c24cm 700 1$aErnst Mohr$0145467 801 0$aIT$bUNINA$gRICA$2UNIMARC 901 $aBK 912 $a990003839470403321 952 $aA02.324$b3497$fDECTS 959 $aDECTS 996 $aTransfer of economic knowledge$9506961 997 $aUNINA LEADER 01054nam0-22003491i-450 001 990001642750403321 005 20201008141724.0 035 $a000164275 035 $aFED01000164275 035 $a(Aleph)000164275FED01 035 $a000164275 100 $a20030910d1981----km-y0itay50------ba 101 0 $aita 102 $aIT 105 $aa 001yy 200 1 $aOstracodi$eCrustacea, Ostracoda$fPier Francesco Ghetti, Ken McKenzie 210 $aRoma$cCNR$d1981 215 $a83 p.$cill.$d21 cm 225 1 $aGuide per il riconoscimento delle specie animali delle acque interne italiane$v11 225 1 $aProgetto finalizzato Promozione della qualità dell'ambiente$vAQ/1/108 610 0 $aCrustacea 676 $a595.3 676 $a593$v23$zita 700 1$aGhetti,$bPier Francesco$f<1943- >$0333464 701 1$aMcKenzie,$bKen$085353 801 0$aIT$bUNINA$gRICA$2UNIMARC 901 $aBK 912 $a990001642750403321 952 $a60 593 CNR-11 1981$fFAGBC 959 $aFAGBC 996 $aOstracodi$9405552 997 $aUNINA